Statistics for FIFA 13 Highest Rated Player By Nation

Click here to take the quiz!

General Stats

  • This quiz has been taken 394 times
  • The average score is 20 of 27

Answer Stats

NationName% Correct
ArgentinaMessi
97%
PortugalCristiano Ronaldo
96%
Uruguay (CF)Suarez
90%
Spain (CM)Xavi
90%
Germany (GK)Neuer
88%
EnglandRooney
88%
WalesBale
87%
Netherlands (RM)Robben
87%
Germany (RB)Lahm
86%
Netherlands (ST)Van Persie
86%
Spain (LW)Iniesta
85%
SwedenIbrahimovic
83%
Uruguay (ST)Cavani
80%
BelgiumHazard
77%
Mexico (ST)Chicharito
75%
ColombiaFalcao
75%
ChileSanchez
74%
Germany (ST)Gomez
73%
Ivory CoastToure
70%
ItalyPirlo
69%
FranceRibery
67%
BrazilThiago Silva
64%
SerbiaVidic
63%
Germany (CAM)Ozil
62%
USADonovan
57%
Mexico (LM)Guardado
21%
CanadaDe Rosario
7%

Score Distribution

Percentile by Number Answered

Percent of People with Each Score

Your Score History

You have not taken this quiz